| 000 | 00413nam a22001457a 4500 | ||
|---|---|---|---|
| 082 |
_a530 _bEDS _cl-6, P-17 |
||
| 100 |
_aEdser, Edwin _939735 |
||
| 245 |
_aGeneral physics for students _cEdser, Edwin |
||
| 260 |
_aLondon _bMacmillan and co, limited _c1933 |
||
| 300 |
_aix, 676 p.: _bill,; |
||
| 526 |
_a0 _b0 _c0 _d530_000000000000000_EDS |
||
| 650 |
_aMCE _9379 |
||
| 700 |
_aEdser, Edwin _939735 |
||
| 942 |
_2ddc _cBK |
||
| 999 |
_c544180 _d544180 |
||